|
|
|
|
| LEADER |
03570nam a22003973i 4500 |
| 001 |
EBC6235475 |
| 003 |
MiAaPQ |
| 005 |
20231204023214.0 |
| 006 |
m o d | |
| 007 |
cr cnu|||||||| |
| 008 |
231204s2020 xx o ||||0 rus d |
| 020 |
|
|
|a 9783631827949
|q (electronic bk.)
|
| 020 |
|
|
|z 9783631817971
|
| 035 |
|
|
|a (MiAaPQ)EBC6235475
|
| 035 |
|
|
|a (Au-PeEL)EBL6235475
|
| 035 |
|
|
|a (OCoLC)1161323224
|
| 040 |
|
|
|a MiAaPQ
|b eng
|e rda
|e pn
|c MiAaPQ
|d MiAaPQ
|
| 100 |
1 |
|
|a Norman, Boris.
|
| 245 |
1 |
0 |
|a Языковые категории в сознании и творчестве русского поэта.
|
| 250 |
|
|
|a 1st ed.
|
| 264 |
|
1 |
|a Frankfurt a.M. :
|b Peter Lang GmbH, Internationaler Verlag der Wissenschaften,
|c 2020.
|
| 264 |
|
4 |
|c {copy}2020.
|
| 300 |
|
|
|a 1 online resource (159 pages)
|
| 336 |
|
|
|a text
|b txt
|2 rdacontent
|
| 337 |
|
|
|a computer
|b c
|2 rdamedia
|
| 338 |
|
|
|a online resource
|b cr
|2 rdacarrier
|
| 490 |
1 |
|
|a Trierer Studien Zur Slavistik Series ;
|v v.7
|
| 505 |
0 |
|
|a Cover -- Copyright -- Содержание -- Предисловие -- Глава 1. Поэт как лингвист (лингвистическиенаблюдения и открытия в русской поэзии) -- Глава 2. Лингвист как поэт: переключение кодов или смена парадигмы? (анализ поэтического -- Глава 3. «Отдаленное знакомство слов»(о семантических и фонетических связяхмежду словами в стихотворении) -- Глава 4. О борьбе строки с предложением (и осмысле невыраженном, но реконструируемом) -- Глава 5. Особенности глагольного управления впоэтическом тексте (и падежные вариациив стихотворении Ю. Левитанского) -- Глава 6. Лексические повторы и случаипрономинафобии в поэзии(существительные против местоимений?) -- Заключение -- Список цитированной литературы.
|
| 520 |
|
|
|a Поэзия - сфера свободного словесного творчества. Тем не менее, поэт должен придерживаться каких-то языковых норм. Механизмы внутренней речи, преобразования смысла и эмоций в текст получают в книге лингвистическую интерпретацию. Материалом для наблюдений и выводов служит русская поэзия, в основном ХХ века.
|
| 588 |
|
|
|a Description based on publisher supplied metadata and other sources.
|
| 590 |
|
|
|a Electronic reproduction. Ann Arbor, Michigan : ProQuest Ebook Central, 2023. Available via World Wide Web. Access may be limited to ProQuest Ebook Central affiliated libraries.
|
| 655 |
|
4 |
|a Electronic books.
|
| 776 |
0 |
8 |
|i Print version:
|a Norman, Boris
|t Языковые категории в сознании и творчестве русского поэта
|d Frankfurt a.M. : Peter Lang GmbH, Internationaler Verlag der Wissenschaften,c2020
|z 9783631817971
|
| 797 |
2 |
|
|a ProQuest (Firm)
|
| 830 |
|
0 |
|a Trierer Studien Zur Slavistik Series
|
| 856 |
4 |
0 |
|u https://ebookcentral.proquest.com/lib/matrademy/detail.action?docID=6235475
|z Click to View
|